[Event "Reykjavik Open"]
[Site "Reykjavik ISL"]
[Date "2010.02.25"]
[Round "2"]
[White "Finnbogadottir,T"]
[Black "Bjornsson,T"]
[Result "0-1"]
[WhiteElo "1750"]
[BlackElo "2155"]

1.e4 c5 2.c3 Nf6 3.e5 Nd5 4.d4 cxd4 5.Nf3 e6 6.cxd4 d6 7.Bc4 Nc6 8.O-O Be7
9.Nbd2 Qc7 10.Re1 O-O 11.Nf1 dxe5 12.dxe5 Rd8 13.Qe2 Na5 14.Bd3 Nb4 15.Bb1 Qc4
16.Qe3 Nc2 17.Bxc2 Qxc2 18.Bd2 Nc4 19.Qf4 Nxb2 20.Rec1 Qg6 21.Rc7 Nd3 22.Qa4 Nc5
23.Qc4 Nd7 24.Rc1 Nb6 25.Qe2 Nd5 26.R7c4 b6 27.Rd4 Bb7 28.h3 h5 29.Nh4 Bxh4
30.Rxh4 Nf4  0-1

[Event "Max Euwe Challenge"]
[Site "Amsterdam NED"]
[Date "2010.02.26"]
[Round "7"]
[White "Afek,Y"]
[Black "Bezemer,A"]
[Result "0-1"]
[WhiteElo "2280"]
[BlackElo "2343"]

1.e4 c5 2.c3 Nf6 3.e5 Nd5 4.Nf3 d6 5.Bc4 e6 6.d4 cxd4 7.cxd4 Nc6 8.O-O Be7
9.Qe2 O-O 10.Nc3 Nxc3 11.bxc3 dxe5 12.dxe5 Qa5 13.Bd2 Rd8 14.Rfe1 Bd7 15.Qe4 Be8
16.Ng5 g6 17.Qh4 h5 18.Bf4 Qxc3 19.Rac1 Qd4 20.Bb3 Rac8 21.Qg3 Qd3 22.Re3 Qf5
23.h3 Rd4 24.Nxe6 fxe6 25.Rf3 h4 26.Qh2 Rcd8 27.Be3 Qe4 28.Bxe6+ Kg7 29.Bxd4 Nxd4
30.Re3 Ne2+ 31.Kf1 Nxc1 32.Bg4 Qxg4  0-1

[Event "ch-IND National Teams"]
[Site "Gurgaon IND"]
[Date "2010.02.26"]
[Round "7"]
[White "Hemant,K"]
[Black "Maheswaran,P"]
[Result "0-1"]
[WhiteElo "2049"]
[BlackElo "2355"]

1.e4 c5 2.c3 Nf6 3.e5 Nd5 4.g3 d6 5.exd6 Qxd6 6.Bg2 Nc6 7.Na3 e6 8.Qh5 Be7
9.Nb5 Qd8 10.Bxd5 exd5 11.Qxd5 O-O 12.Qxd8 Rxd8 13.Ne2 Ne5 14.Nf4 g5 15.Ng2 Bd7
16.Na3 Nd3+ 17.Ke2 Bc6 18.Rg1 Rd7 19.Ne3 Re8 20.Nac2 Bd8 21.Ne1 Ne5 22.b3 g4
23.Ba3 Nf3 24.Nxf3 Bxf3+ 25.Ke1 b6 26.Rc1 Rd3 27.Rc2 h5 28.Bb2 Bf6 29.c4 Bd4
30.Bc3 a5 31.Rc1 Kh7 32.a3 Kg6 33.b4 a4 34.bxc5 bxc5 35.Kf1 Bxc3 36.dxc3 Rd2
37.Nd5 Re4 38.Ne3 Ra2 39.Ke1 Re8 40.Rb1 Re6 41.Rc1 Rb6 42.Ng2 Kh6 43.Ne3 Rbb2  0-1

[Event "Reykjavik Open"]
[Site "Reykjavik ISL"]
[Date "2010.02.26"]
[Round "3"]
[White "Sigurdarson,Emil"]
[Black "Jonsson,Ol"]
[Result "0-1"]
[WhiteElo "1609"]
[BlackElo "1872"]

1.e4 c5 2.c3 Nf6 3.e5 Nd5 4.d4 cxd4 5.Nf3 e6 6.cxd4 d6 7.Bc4 Nc6 8.O-O dxe5
9.Nxe5 Be7 10.Nxc6 bxc6 11.Nc3 O-O 12.Qe2 Bb7 13.Rd1 Qc7 14.Ne4 Rad8 15.Nc5 Bc8
16.b3 Bd6 17.Qh5 Nf6 18.Qh4 Bxc5 19.Bh6 Be7 20.Qg5 Ne8 21.Qh5 gxh6 22.Rd3 Bg5
23.h4 Ng7 24.Qg4 e5 25.Qg3 Bf4 26.Qf3 e4 27.Qxe4 Bf5 28.Qf3 Bxd3 29.Qxd3 Be5
30.Qe3 Bxd4  0-1

[Event "Reykjavik Open"]
[Site "Reykjavik ISL"]
[Date "2010.02.27"]
[Round "5"]
[White "Fridthjofsdottir,S"]
[Black "Einarsson,H"]
[Result "1-0"]
[WhiteElo "1809"]
[BlackElo "2260"]

1.e4 c5 2.c3 Nf6 3.e5 Nd5 4.d4 cxd4 5.cxd4 Nc6 6.Bc4 Nb6 7.Bb5 g6 8.Nf3 Bg7
9.O-O O-O 10.Nc3 a6 11.Bxc6 dxc6 12.Be3 Bg4 13.h3 Bxf3 14.Qxf3 Qd7 15.Rfd1 Rad8
16.Rac1 f6 17.exf6 exf6 18.d5 Nc4 19.dxc6 Qxc6 20.Qxc6 bxc6 21.Rxd8 Rxd8
22.Rd1 Rxd1+ 23.Nxd1 Nxe3 24.Nxe3 f5 25.b3 Kf7 26.Kf1 Ke6 27.Ke2 h5 28.Kd3 h4
29.Kc4 Kd7 30.Nc2 Kc7 31.Nb4 Kb6 32.Nd3 g5 33.Nc5 g4 34.f3 gxf3 35.gxf3 Bh6
36.Ne6 Be3 37.Ng7 f4 38.Ne6 c5 39.Nf8 Bf2 40.Ng6 Bg3 41.a3 a5 42.a4 Be1 43.Nxf4 Bf2
44.Nd3  1-0

[Event "IFPX Categoria A"]
[Site "Sao Paulo BRA"]
[Date "2010.02.28"]
[Round "7"]
[White "Van Riemsdijk,D"]
[Black "Mandetta,J"]
[Result "1/2-1/2"]
[WhiteElo "2190"]
[BlackElo "2080"]

1.e4 c5 2.c3 Nf6 3.e5 Nd5 4.d4 cxd4 5.Nf3 e6 6.cxd4 b6 7.a3 d6 8.Bd3 Nd7
9.O-O dxe5 10.dxe5 Be7 11.Re1 Bb7 12.Bd2 O-O 13.Nc3 Nxc3 14.Bxc3 Nc5 15.Bc2 Qxd1
16.Raxd1 Rfd8 17.b4 Na6 18.Bb2 Nc7 19.Rc1 Nd5 20.Be4 Rac8 21.g3 a5 22.bxa5 bxa5
23.Rxc8 Rxc8 24.Rc1 Rxc1+ 25.Bxc1 Nc3 26.Bxb7 Ne2+ 27.Kf1 Nxc1  1/2-1/2

[Event "48th XtraCon TCh-DEN 2009-10"]
[Site "Denmark DEN"]
[Date "2010.03.01"]
[Round "4"]
[White "Hansen,Martin2"]
[Black "Andersen,So2"]
[Result "1-0"]
[WhiteElo "2082"]
[BlackElo "2082"]

1.e4 c5 2.c3 Nf6 3.e5 Nd5 4.Nf3 Nc6 5.Bc4 Nb6 6.Bb3 d5 7.exd6 Qxd6 8.Na3 Bf5
9.d4 cxd4 10.Nb5 Qd7 11.Nbxd4 Bg6 12.O-O Nxd4 13.Nxd4 e6 14.a4 O-O-O 15.Qf3 e5
16.Nb5 a6 17.Rd1 Qf5 18.Rxd8+ Kxd8 19.Qxb7  1-0

[Event "48th XtraCon TCh-DEN 2009-10"]
[Site "Denmark DEN"]
[Date "2010.03.01"]
[Round "5"]
[White "Christensen,St"]
[Black "Nordenbaek,J"]
[Result "1/2-1/2"]
[WhiteElo "2228"]
[BlackElo "2210"]

1.e4 c5 2.c3 Nf6 3.e5 Nd5 4.d4 cxd4 5.Nf3 Nc6 6.Bc4 Nb6 7.Bb3 d5 8.exd6 exd6
9.Nxd4 Be7 10.O-O O-O 11.Bf4 a6 12.Re1 d5 13.Qd3 Nxd4 14.Qxd4 Bf6 15.Be5 Re8
16.Nd2 Rxe5 17.Rxe5 Be6 18.Nf3 Qc7 19.Qe3 Bxe5 20.Qxe5 Qxe5 21.Nxe5 Nc4 22.Bxc4 dxc4
23.Rd1 Kf8 24.f4 Rc8 25.Kf2 Ke7 26.Ke3 Rc5 27.Rd2 g6 28.Nf3 Rh5 29.Nd4 Bd7  1/2-1/2

[Event "Reykjavik Open"]
[Site "Reykjavik ISL"]
[Date "2010.03.01"]
[Round "7"]
[White "Johannsdottir,J"]
[Black "Jonsson,Ol"]
[Result "0-1"]
[WhiteElo "1705"]
[BlackElo "1872"]

1.e4 c5 2.c3 Nf6 3.e5 Nd5 4.Nf3 e6 5.Bc4 Nb6 6.Bb3 c4 7.Bc2 d6 8.d4 cxd3
9.Qxd3 Nc6 10.Bf4 Nd5 11.Bg3 dxe5 12.Nxe5 Nxe5 13.Bxe5 Qg5 14.Ba4+ Kd8 15.f4 Qxg2
16.Rf1 Qxb2 17.c4 Bb4+ 18.Kd1 Qg2 19.cxd5 exd5 20.Bxg7 Bg4+ 21.Kc1 Rc8+ 22.Bc3 Rxc3+
23.Nxc3 Ba3+  0-1

[Event "Reykjavik Open"]
[Site "Reykjavik ISL"]
[Date "2010.03.01"]
[Round "7"]
[White "Sigurdarson,Emil"]
[Black "Sverrisson,N"]
[Result "1/2-1/2"]
[WhiteElo "1609"]
[BlackElo "1784"]

1.e4 c5 2.c3 Nf6 3.e5 Nd5 4.d4 cxd4 5.cxd4 e6 6.Nf3 b6 7.Nc3 Bb4 8.Bd2 Bb7
9.Bd3 d6 10.O-O dxe5 11.dxe5 Bxc3 12.Bxc3 Nxc3 13.bxc3 O-O 14.Qe2 Qc7 15.Rac1 Nd7
16.Be4 Rac8 17.Rfd1 Bxe4 18.Qxe4 Nc5 19.Qe2 Rfd8 20.Nd4 a6 21.f4 b5 22.Rc2 Na4
23.Rdc1 Qc4 24.a3 Qc5 25.Kf1 Qxa3 26.Qf3 Rd5 27.Nf5 Nb6 28.Nd6 Rd8 29.f5 R5xd6
30.exd6 Qxd6 31.fxe6 Qxe6 32.Re2 Qd7 33.Rce1 Nc4 34.Kg1 g6 35.Re7 Qd5 36.Qf6 Qc5+
37.Kh1 Rf8 38.Qxa6 Nb2 39.Qf6 Nd3 40.Rf1 Qd5 41.Qd4 Qg5 42.Qe3 Qd5 43.Qd4 Qg5
44.Qe3  1/2-1/2

[Event "Reykjavik Open"]
[Site "Reykjavik ISL"]
[Date "2010.03.03"]
[Round "9"]
[White "Maze,S"]
[Black "Thorfinnsson,Br"]
[Result "1/2-1/2"]
[WhiteElo "2554"]
[BlackElo "2398"]

1.e4 c5 2.c3 Nf6 3.e5 Nd5 4.Nf3 e6 5.d4 cxd4 6.cxd4 d6 7.Nc3 Nc6 8.exd6 Bxd6
9.Bd3 Ncb4 10.Bb1 Nxc3 11.bxc3 Nd5 12.Bd2 Qc7 13.Qb3 b6 14.Be4 Bb7 15.c4 Ne7
16.Bxb7 Qxb7 17.O-O O-O 18.Rfe1 Rfc8 19.Ng5 Nf5 20.d5 h6 21.Ne4 exd5 22.Nxd6 Nxd6
23.cxd5 Nc4 24.Rad1 Nxd2 25.Rxd2 Re8 26.Red1 Rad8 27.d6 Rd7 28.h4 Qe4 29.Rd4 Qe6
30.Qc2 Red8 31.Qd2 h5 32.a4 g6 33.g3 Kh7 34.Qb4 Kg8 35.R1d3 Qe5 36.Rd5 Qg7
37.Kg2 Qf6 38.Qd2 Qe6 39.Qf4 Qg4 40.Qf6 Qe4+ 41.Kh2 Qe6 42.Qd4 Qg4 43.Qa1 Qe2
44.Rd2 Qe6 45.Qa3 Qf6 46.Kg2 Qe6 47.R2d4 Rc8 48.Qd3 Rcd8 49.f4 Re8 50.Re5 Qa2+
51.Kf3 Rxe5 52.fxe5 Qe6 53.Qe4 Kg7 54.Kg2 f6 55.exf6+ Qxf6 56.Qd5 Qf7 57.Qe4 Qf6
58.Qd3 Qe6 59.Rd5 Qf6 60.Qc2 Qe6 61.Qc3+ Qf6 62.Qc2 Rf7 63.Rd2 Rd7 64.Qd3 Qe5
65.Qc4 Qf6 66.Qd5 Qf7 67.Qc6 Qe6 68.Qc8 Qf7 69.Qb8 Qe6 70.Kh2 Qe3 71.Rc2 Qd3
72.Rc8 Qe2+ 73.Kg1 Qe1+ 74.Kg2 Qe2+ 75.Kg1 Qe1+  1/2-1/2

[Event "Congress"]
[Site "Blackpool ENG"]
[Date "2010.03.05"]
[Round "5"]
[White "Surtees,M"]
[Black "Britton,R"]
[Result "1-0"]
[WhiteElo "2149"]
[BlackElo "2254"]

1.e4 c5 2.c3 Nf6 3.d3 Nc6 4.f4 d6 5.Na3 g6 6.g3 Bg7 7.Bg2 O-O 8.Ne2 Bd7 9.h3 Rb8
10.Nc2 e6 11.a3 Ne7 12.b3 b5 13.Be3 Bc6 14.O-O Nd7 15.d4 Qc7 16.g4 f5 17.gxf5 gxf5
18.d5 exd5 19.exd5 Bb7 20.a4 a6 21.c4 Bxa1 22.Qxa1 bxc4 23.bxc4 Ng6 24.Ng3 Qd8
25.Bc1 Qf6 26.Bb2 Qh4 27.Kh2 Rbe8 28.Qc1 Bc8 29.Qd2 Nf6 30.Rf3 Bd7 31.Kg1 Ne4
32.Nxe4 fxe4 33.Qc3 Qf6 34.Qb3 Qf7 35.Rg3 Qxf4 36.Qc3 Re5 37.a5 Rb8 38.Kh2 Ba4
39.Na1 e3 40.Qa3 Rg5 41.Qxe3 Qxe3 42.Rxe3 Rxb2  1-0

[Event "Congress"]
[Site "Blackpool ENG"]
[Date "2010.03.05"]
[Round "5"]
[White "Mackenzie,M"]
[Black "Garnett,J"]
[Result "0-1"]
[WhiteElo "2080"]
[BlackElo "2059"]

1.e4 c5 2.c3 Nf6 3.e5 Nd5 4.d4 cxd4 5.Nf3 Nc6 6.cxd4 d6 7.Bc4 Nb6 8.Bb5 Bg4
9.h3 Bxf3 10.Qxf3 Qc7 11.O-O a6 12.exd6 Qxd6 13.Bf4 Qd5 14.Bxc6+ bxc6 15.Nd2 e6
16.Rfc1 Qxf3 17.Nxf3 Rc8 18.Ne5 Bd6 19.Be3 Bxe5 20.dxe5 Nd5 21.Bc5 Kd7 22.Rc4 Rb8
23.b3 Rb5 24.Rac1 Rc8 25.g3 a5 26.f4 g6 27.Kf2  0-1

[Event "ITT Benko Club Argentino"]
[Site "Buenos Aires ARG"]
[Date "2010.03.08"]
[Round "1"]
[White "Dos Santos,R"]
[Black "Quiroga,F"]
[Result "1-0"]
[WhiteElo "2436"]
[BlackElo "2334"]

1.e4 c5 2.c3 Nf6 3.e5 Nd5 4.d4 cxd4 5.Nf3 Nc6 6.Bc4 Nb6 7.Bb3 d5 8.exd6 Qxd6
9.O-O Na5 10.Nxd4 Nxb3 11.axb3 Bd7 12.Qe2 e6 13.Rd1 a6 14.Bg5 f6 15.Be3 O-O-O
16.c4 Qc7 17.c5 Nd5 18.c6 bxc6 19.Rxa6 Qb7 20.Rc1 Nb4 21.Ra7 Qxa7 22.Nxc6 Qxe3
23.Na7+ Kb7 24.Qxe3 Nd5 25.Qe1 Bb4 26.Nc3 Kxa7 27.Qe4 Bxc3 28.bxc3 Bc6 29.Qxe6 Kb7
30.Qg4 Rhe8 31.c4 h5 32.Qxg7+ Re7 33.Qh6 Nc3 34.Qxf6 Ne2+ 35.Kh1 Nxc1 36.Qxe7+ Rd7
37.Qb4+ Kc8 38.Qf8+ Kb7 39.Qb4+ Kc8 40.h3 Nd3 41.Qf8+ Rd8 42.Qf6 Kc7 43.b4 Rd6
44.Qg7+ Rd7 45.Qg3+ Kc8 46.b5 Bb7 47.b6 Bc6 48.f3 h4 49.Qg5 Kb7  1-0

[Event "11th EICC Women"]
[Site "Rijeka CRO"]
[Date "2010.03.08"]
[Round "3"]
[White "Manakova,M"]
[Black "Gaponenko,I"]
[Result "1/2-1/2"]
[WhiteElo "2315"]
[BlackElo "2472"]

1.e4 c5 2.c3 Nf6 3.e5 Nd5 4.Nf3 Nc6 5.Bc4 e6 6.O-O d6 7.d4 cxd4 8.cxd4 Be7
9.Qe2 O-O 10.Nc3 Nxc3 11.bxc3 dxe5 12.dxe5 b6 13.Qe4 Qc7 14.Bd3 g6 15.Bh6 Rd8
16.Rad1 Bb7 17.Qf4 Na5 18.Ng5 f5 19.Bb5 Rxd1 20.Rxd1 Rd8 21.Rf1 Qc5 22.a4 Qd5
23.Nf3 Qe4 24.Qc1 a6 25.Re1 Qd5 26.Bf1 Qb3 27.Nd4 Qd5 28.Bg5 Qd7 29.Bxe7 Qxe7
30.Qb2 Nc6 31.Qxb6 Nxd4 32.cxd4 a5 33.Bc4 Bd5 34.Bxd5 Rxd5 35.Rc1 Kg7 36.h3 Kh6
37.Rc7 Qb4 38.Qxe6 Rxd4 39.Kh2 Qd2 40.Qb3 Qxf2 41.e6 Qf4+ 42.Qg3 Rxa4 43.e7 Qxg3+
44.Kxg3 Re4 45.h4 g5 46.hxg5+ Kxg5 47.Ra7 h5 48.Rxa5 Rxe7 49.Ra8 h4+ 50.Kf3 Re6
51.Rg8+ Rg6 52.Rh8 Ra6 53.Rg8+ Kf6 54.Rf8+ Kg6 55.Rg8+ Kf7 56.Rh8 Ra4 57.Rh6 Rg4
58.Ra6 Kg7 59.Rb6 Rg6 60.Rb7+ Kh6 61.Rb8 Rg3+ 62.Kf4 Rxg2 63.Rh8+ Kg7 64.Rxh4 Kg6
65.Rh8 Rg4+ 66.Kf3 Ra4  1/2-1/2

[Event "ch-BUL U20 Girls"]
[Site "Sofia BUL"]
[Date "2010.03.09"]
[Round "3"]
[White "Vladimirova,M"]
[Black "Sirkova,D"]
[Result "0-1"]
[WhiteElo "2038"]
[BlackElo "2084"]

1.e4 c5 2.c3 Nf6 3.e5 Nd5 4.d4 cxd4 5.Nf3 g6 6.cxd4 Bg7 7.Qb3 Nb6 8.a4 d6
9.Bb5+ Bd7 10.e6 fxe6 11.Qxe6 Nc6 12.Qb3 Nxd4 13.Nxd4 Bxd4 14.a5 Bxb5 15.Qxb5+ Qd7
16.Qd3 Qe6+ 17.Qe2 Qxe2+ 18.Kxe2 Nd7 19.Ra4 Bg7 20.Rb4 b6 21.axb6 Nxb6 22.Rd1 Rc8
23.Be3 Rc6 24.Na3 O-O 25.Rd3 e6 26.Bxb6 axb6 27.Rdb3 d5 28.f3 Rb8 29.Kd3 Bf8
30.Rb5 Bc5 31.h3 e5 32.Nb1 Re8 33.Nc3 Rd8 34.Na4 e4+ 35.fxe4 dxe4+ 36.Ke2 Bg1
37.Nc3 Re6 38.Nd5 Red6 39.Kf1 Bc5 40.Nc3 e3 41.Nd5 Re6 42.Nc3 e2+  0-1

[Event "Parachute Advansed Int"]
[Site "Dhaka BAN"]
[Date "2010.03.10"]
[Round "3"]
[White "Parveen,T"]
[Black "Abu Sufian,S"]
[Result "0-1"]
[WhiteElo "2058"]
[BlackElo "2320"]

1.e4 c5 2.c3 Nf6 3.e5 Nd5 4.d4 cxd4 5.cxd4 d6 6.Nf3 Nc6 7.Bc4 Nb6 8.Bb5 dxe5
9.Nxe5 Bd7 10.Bxc6 Bxc6 11.Nxc6 bxc6 12.O-O g6 13.Nc3 Bg7 14.Be3 O-O 15.Ne2 Nd5
16.Bd2 Qb6 17.Bc3 Rfd8 18.Qa4 Qb5 19.Qc2 Nc7 20.Rfd1 Ne6 21.a4 Qb6 22.a5 Qb5
23.a6 Rd7 24.h3 Rad8 25.Ba5 Rb8 26.Bc3 Rb6 27.Ra5 Qc4 28.Ra4 Rxb2 29.Rxc4 Rxc2
30.Kf1 c5 31.d5 f5 32.Ke1 Nd4 33.Nxd4 cxd4 34.Rc8+ Kf7  0-1

[Event "81st ch-GER"]
[Site "Bad Liebenzell GER"]
[Date "2010.03.12"]
[Round "8"]
[White "Feuerstack,A"]
[Black "Baramidze,D"]
[Result "0-1"]
[WhiteElo "2382"]
[BlackElo "2528"]

1.e4 c5 2.c3 Nf6 3.e5 Nd5 4.Nf3 Nc6 5.Bc4 Nb6 6.Bb3 d6 7.exd6 Qxd6 8.O-O Be6
9.Bxe6 Qxe6 10.a4 Qd7 11.a5 Nd5 12.a6 e6 13.d4 cxd4 14.Nxd4 b6 15.Nb5 Nc7
16.Qxd7+ Kxd7 17.Rd1+ Kc8 18.c4 Bb4 19.N1c3 Rd8 20.Rxd8+ Kxd8 21.Bf4 Nxb5
22.cxb5 Ne7 23.Ra4 Bxc3 24.bxc3 Rc8 25.Rd4+ Ke8 26.c4 f6 27.Bd2 Nf5 28.Re4 e5
29.Bb4 Nd4 30.f4 Rxc4 31.Ba3 Ra4 32.fxe5 f5 33.Re3 Nc2 34.Rg3 Nxa3 35.Rxg7 Nxb5
36.Rxh7 Rxa6 37.h4 Ra1+ 38.Kh2 Re1 39.h5 Rxe5 40.Kg3 Re7  0-1

[Event "81st ch-GER"]
[Site "Bad Liebenzell GER"]
[Date "2010.03.13"]
[Round "9"]
[White "Namyslo,H"]
[Black "Koller,J"]
[Result "0-1"]
[WhiteElo "2326"]
[BlackElo "2270"]

1.e4 c5 2.c3 Nf6 3.e5 Nd5 4.d4 cxd4 5.Nf3 e6 6.cxd4 b6 7.Bd3 Bb7 8.O-O Be7
9.Nc3 Nxc3 10.bxc3 Qc7 11.c4 d6 12.Bf4 Nd7 13.Re1 O-O-O 14.Rc1 Kb8 15.Qe2 dxe5
16.Bg3 f6 17.dxe5 f5 18.h4 Nc5 19.Bb1 g6 20.Bf4 h6 21.Red1 g5 22.hxg5 hxg5
23.Nxg5 Bxg5 24.Bxg5 Rdg8 25.Qd2 Qh7 26.f3 Qh5 27.Qd6+ Kc8 28.Qe7 Rxg5 29.Kf2 Rxg2+
30.Ke3 Qxf3+  0-1

[Event "26th ChessOrg Schachfestival"]
[Site "Bad Woerishofen GER"]
[Date "2010.03.13"]
[Round "8"]
[White "Friedrich,N"]
[Black "Nyzhnyk,I"]
[Result "1/2-1/2"]
[WhiteElo "2299"]
[BlackElo "2544"]

1.e4 c5 2.c3 Nf6 3.e5 Nd5 4.Nf3 Nc6 5.d4 cxd4 6.cxd4 d6 7.Bc4 dxe5 8.Nxe5 e6
9.O-O Be7 10.Nc3 Nxc3 11.bxc3 Nxe5 12.dxe5 Qa5 13.Re1 O-O 14.Qg4 Rd8 15.Bh6 g6
16.Re3 Bd7 17.h4 Rac8 18.h5 Qa4 19.hxg6 hxg6 20.Re4 Qc2 21.Rc1 Qb2 22.Rd4 Bc5
23.Qh4 Bf8 24.Qg5 Be8 25.Rxd8 Bxh6 26.Rxe8+ Kh7 27.Rxc8 Bxg5 28.Rd1 Bd2 29.Rc7 Kg8
30.Bb3 Bxc3 31.Bxe6 Kg7 32.Rxf7+ Kh6 33.Bb3 Bxe5 34.Rxb7 Bd4 35.Rf1 Qe2 36.Rf7 a5
37.Rf3 g5 38.Rd1 g4 39.Rf4 g3 40.Rfxd4 gxf2+ 41.Kh2 Qe5+ 42.g3 f1=Q 43.Rxf1 Qxd4
44.Rf4 Qd2+ 45.Kh3 Kg5 46.Bc4 Qd1 47.Kg2 a4 48.Kh2 Qc1 49.Kg2 Qd1 50.Kh2 Qd8
51.Kg2 Qh8 52.Bf7 Qh6 53.Bc4 Qh7 54.Bf7 Qc2+ 55.Kg1 Qe2 56.Bc4 Qd2 57.Bf7 Qc1+
58.Kg2 Qc8 59.Bc4 Qb7+ 60.Kg1 Qc8 61.Kg2 Kg6 62.Bf7+ Kg7 63.Bc4 Kh6 64.Bf7 Qc3
65.Bc4 Qe3 66.Bf7 Kg5 67.Bc4 Qd2+ 68.Kg1 Qb2 69.Bf7 Qb1+ 70.Kg2 Qc2+ 71.Kg1 Qh7
72.Kg2 Qg7 73.Bc4 Qb2+ 74.Kg1 Qb7 75.Bf7  1/2-1/2

[Event "11th EICC Women"]
[Site "Rijeka CRO"]
[Date "2010.03.14"]
[Round "8"]
[White "Kouvatsou,M"]
[Black "Toma,K"]
[Result "1-0"]
[WhiteElo "2161"]
[BlackElo "2259"]

1.e4 c5 2.c3 Nf6 3.e5 Nd5 4.d4 cxd4 5.Nf3 e6 6.cxd4 b6 7.Nc3 Nxc3 8.bxc3 Qc7
9.Bd2 Bb7 10.Bd3 d6 11.O-O Nd7 12.Ng5 dxe5 13.Qh5 g6 14.Qh3 Be7 15.Rfe1 Bf6
16.Bb5 e4 17.Nxe6 Qd6 18.Ng5 Bxg5 19.Bxg5 Qd5 20.Rxe4+ Kf8 21.Qh6+ Kg8 22.Rae1 f6
23.Bxd7 Qxd7 24.Re7  1-0

[Event "11th EICC Women"]
[Site "Rijeka CRO"]
[Date "2010.03.15"]
[Round "9"]
[White "Brunello,R"]
[Black "Yusuphanova,S"]
[Result "1/2-1/2"]
[WhiteElo "2043"]
[BlackElo "1843"]

1.e4 c5 2.c3 Nf6 3.e5 Nd5 4.d4 cxd4 5.Nf3 Nc6 6.cxd4 d6 7.Bc4 Nb6 8.Bb5 dxe5
9.Nxe5 Bd7 10.Nxd7 Qxd7 11.Nc3 e6 12.Qg4 f5 13.Qe2 Be7 14.O-O O-O 15.Rd1 Rad8
16.Bf4 a6 17.d5 axb5 18.dxc6 Qxc6 19.Nxb5 Rxd1+ 20.Rxd1 Nd5 21.Be5 Bf6 22.Nd4 Qc8
23.h3 Ne7 24.Re1 Bxe5 25.Qxe5 Nc6 26.Nxc6 Qxc6 27.Qxe6+ Qxe6 28.Rxe6 Ra8
29.a3 Rc8 30.Rb6 Rc1+ 31.Kh2 Rc7 32.Kg3 g6 33.Kf4 Re7 34.Kg5 Kg7 35.f3 Kf7
36.a4 Rc7 37.a5 Ke8 38.Kf6 Kd8 39.b4 Kc8 40.Re6 Rc2 41.Ke7 Kc7 42.Re5 Rxg2
43.Rc5+ Kb8 44.b5 b6 45.axb6 Kb7 46.Kf6 Kxb6 47.Rc8 Rg3 48.h4 Kxb5 49.h5 gxh5
50.f4 Rg6+ 51.Kxf5 h4 52.Rc7 Rh6 53.Kg5 Kb6 54.Re7 Rg6+ 55.Kxh4 h6 56.Rh7 Kc6
57.Kh5 Rg1 58.Kxh6 Kd6 59.Rg7 Rf1 60.Rg4 Ke6 61.Kg6 Rf2 62.f5+ Rxf5 63.Re4+ Re5  1/2-1/2

[Event "26th Budapest Spring Festival"]
[Site "Budapest HUN"]
[Date "2010.03.20"]
[Round "2"]
[White "Korpa,B"]
[Black "Vit,D"]
[Result "1-0"]
[WhiteElo "2158"]
[BlackElo "1847"]

1.e4 c5 2.c3 Nf6 3.e5 Nd5 4.d4 cxd4 5.Qxd4 e6 6.Nf3 Nc6 7.Qe4 f5 8.Qe2 d6
9.g3 Be7 10.Bg2 O-O 11.O-O dxe5 12.Nxe5 Nxe5 13.Qxe5 Bf6 14.Qe2 Ne7 15.Bf4 Ng6
16.Be3 Qc7 17.Na3 Bd7 18.Nb5 Bxb5 19.Qxb5 Rf7 20.Rad1 a6 21.Qb3 Re8 22.Bb6 Qe7
23.Rfe1 Kh8 24.Rd2 Bg5 25.f4 Nxf4 26.gxf4 Bxf4 27.Rxe6 Bxd2 28.Rxe7 Rfxe7
29.Bf2 b5 30.Qc2 Be1 31.Bxe1 Rxe1+ 32.Kf2 R1e5 33.Qd2 g5 34.Qd4 Re7 35.Bf1 Kg7
36.a4 bxa4 37.Bxa6  1-0

[Event "TCh-FIN 2009-10"]
[Site "Finland FIN"]
[Date "2010.03.20"]
[Round "8"]
[White "Sipila,V"]
[Black "Kauko,J"]
[Result "0-1"]
[WhiteElo "2092"]
[BlackElo "2282"]

1.e4 c5 2.c3 Nf6 3.e5 Nd5 4.d4 cxd4 5.Nf3 e6 6.cxd4 d6 7.Bd3 Nc6 8.exd6 Bxd6
9.O-O O-O 10.Nc3 h6 11.Qe2 Ncb4 12.Bb1 Bd7 13.Ne4 Qb6 14.Nxd6 Qxd6 15.Ne5 Nc6
16.Nc4 Qe7 17.Ne3 Qh4 18.Rd1 Rfe8 19.g3 Qe7 20.Qf3 Rad8 21.a3 Nf6 22.Ba2 e5
23.d5 Nd4 24.Qg2 Bb5 25.Re1 e4 26.Nf1 Nf3+ 27.Qxf3 exf3 28.Rxe7 Rxe7 29.Be3 b6
30.Bf4 Nxd5 31.Bxd5 Rxd5 32.Ne3 Rd8 33.h4 f6 34.g4 Re4 35.Bg3 Rd2 36.Rc1 Rxe3
37.Bf4 Red3 38.Bxd2 Rxd2 39.Rc3 Rxb2 40.Rxf3 Be2 41.Rg3 g5 42.hxg5 hxg5 43.Kg2 Kg7
44.Re3 a5 45.Kg3 Bc4 46.f3 Rb3 47.Re7+ Kg6 48.Rd7 Rxa3 49.Rd6 b5 50.Kf2 Ra2+
51.Kg3 Rb2 52.Ra6 a4 53.Ra7 Rb3 54.Kf2 Bd5 55.f4 Rf3+ 56.Kg2 Rxf4+ 57.Kg3 Be6
58.Ra5 Rxg4+ 59.Kf3 Rf4+ 60.Kg3 Bc4 61.Ra7 Rd4 62.Ra6 a3 63.Kf3 b4 64.Ra4 a2
65.Ke3 Rd3+ 66.Ke4 Ra3 67.Rxb4 a1=Q 68.Rb2 Bd3+ 69.Kd5 Qxb2 70.Kc5 Qe5+ 71.Kb6 Qd6+
72.Kb7 Be4+ 73.Kc8 Ra8+  0-1

[Event "26th Budapest Spring Festival"]
[Site "Budapest HUN"]
[Date "2010.03.23"]
[Round "4"]
[White "Menshikov,A"]
[Black "Kantor,G"]
[Result "1/2-1/2"]
[WhiteElo "2257"]
[BlackElo "2010"]

1.e4 c5 2.c3 Nf6 3.e5 Nd5 4.d4 cxd4 5.cxd4 Nc6 6.Nc3 Nxc3 7.bxc3 e6 8.Bd3 d6
9.f4 Be7 10.Nf3 h6 11.O-O O-O 12.Qe1 Rb8 13.Bd2 a6 14.Kh1 Qc7 15.Qg3 Kh8
16.Qh3 Kg8 17.Ng5 Qd8 18.Nh7 Re8 19.Rae1 Bh4 20.Re3 g6 21.Nf6+ Bxf6 22.exf6 Qxf6
23.Qxh6 Qg7 24.Qh4 Bd7 25.f5 exf5 26.Rg3 Ne7 27.Bg5 Nd5 28.c4 f4 29.Bxf4 Nxf4
30.Qxf4 Rbd8 31.Qxd6 Bc6 32.Qf4 Rxd4 33.Qf2 Red8 34.Qc2 Be8 35.Be4 Ba4 36.Qxa4 Rxe4
37.Rgf3 Rde8 38.Qd7 R4e7 39.Qd5 Rc7 40.h3 Qe5 41.Qd2 Qg7 42.Rf6 Rce7 43.Qd5 Rf8
44.Qd6 Rfe8 45.Qd5 Rf8 46.Rb6 Rb8 47.Rff6 Kh8 48.c5 Qf8 49.Qd4 Kh7 50.Qb4 Rc7
51.Qf4 Rbc8 52.a4 Rd7 53.Rbd6 Re7 54.Qd4 Rce8 55.Qd5 Kg7 56.a5 Re1+ 57.Kh2 R1e7
58.Qd4 Kh7 59.c6 bxc6 60.Rxc6 Ra8 61.Rxa6 Qb8+ 62.Qd6 Rxa6 63.Rxf7+ Rxf7
64.Qxb8 Rxa5 65.Qd8 Ra2 66.Qh4+ Kg7 67.Qd4+ Kh7 68.Kg3 Ra3+ 69.Kh4 Rfa7 70.g4 R3a4
71.Qd8 R4a5 72.Qf8 Ra4 73.Qd8 R4a5 74.Qf8 Ra3  1/2-1/2

[Event "Victor Ciocaltea Mem"]
[Site "Bucharest ROU"]
[Date "2010.03.24"]
[Round "2"]
[White "Murariu,A"]
[Black "Lupulescu,C"]
[Result "1/2-1/2"]
[WhiteElo "2479"]
[BlackElo "2598"]

1.e4 c5 2.c3 Nf6 3.e5 Nd5 4.d4 cxd4 5.Nf3 d6 6.cxd4 e6 7.Bc4 Nc6 8.O-O Be7
9.Bd2 dxe5 10.dxe5 O-O 11.Nc3 Nxc3  1/2-1/2

[Event "Victor Ciocaltea Mem"]
[Site "Bucharest ROU"]
[Date "2010.03.26"]
[Round "4"]
[White "Szabo,G ROM"]
[Black "Lupulescu,C"]
[Result "1/2-1/2"]
[WhiteElo "2525"]
[BlackElo "2598"]

1.e4 c5 2.c3 Nf6 3.e5 Nd5 4.d4 cxd4 5.Nf3 e6 6.cxd4 d6 7.Bc4 Nc6 8.O-O Be7
9.Qe2 O-O 10.Nc3 Nxc3 11.bxc3 dxe5 12.dxe5 Qa5 13.Bd2 Rd8  1/2-1/2

[Event "TCh-AUT 2009-10"]
[Site "Baden AUT"]
[Date "2010.03.28"]
[Round "9"]
[White "Zojer,S"]
[Black "Kunin,V"]
[Result "0-1"]
[WhiteElo "2043"]
[BlackElo "2532"]

1.e4 c5 2.c3 Nf6 3.e5 Nd5 4.d4 cxd4 5.Nf3 e6 6.cxd4 d6 7.Bc4 Nb6 8.Bb3 Bd7
9.Nc3 Bc6 10.O-O Be7 11.Re1 O-O 12.Qd3 Bxf3 13.Qxf3 Nc6 14.Rd1 dxe5 15.dxe5 Nxe5
16.Qxb7 Qe8 17.Bf4 Ng6 18.Be3 Qc8 19.Qe4 Bc5 20.Na4 Nxa4 21.Bxa4 Bxe3 22.Qxe3 Qb7
23.Qb3 Qe7 24.Rd7 Qf6 25.Bc6 Ne5 26.Bxa8 Nxd7 27.Bc6 Rb8 28.Qa3 Rxb2 29.Rf1 Ne5
30.Qxa7 Nxc6 31.Qd7 g6 32.Qxc6 Rxa2 33.g3 Kg7 34.Kg2 g5 35.Qf3 Qd4 36.h3 h6
37.Rc1 Qe5 38.Rb1 Ra7 39.Rc1 Rd7 40.Qc3 Qxc3 41.Rxc3 h5 42.Rc4 Rd2 43.Ra4 Kg6
44.Rb4 Ra2 45.Rc4 Ra8 46.Rb4 Rh8 47.h4 g4 48.Rb5 Rd8 49.Rg5+ Kh6 50.Ra5 Rd5
51.Ra7 Kg6 52.Ra6 Rb5 53.Rc6 Ra5 54.Rb6 Kf6 55.Rc6 Rf5 56.Ra6 Re5 57.Ra7 Kg6
58.Ra8 Kf5 59.Ra7 f6 60.Rf7 Re1 61.Rh7 Kg6 62.Rh8 Ra1 63.Re8 e5 64.Re7 Ra8
65.Kg1 Kf5 66.Rh7 Re8 67.Kg2 Kg6 68.Ra7 f5 69.Ra6+ Kg7 70.Ra7+ Kf6 71.Ra6+ Re6
72.Ra8 Kg7 73.Ra7+ Kg6 74.Ra8 f4 75.gxf4 exf4 76.Rg8+ Kh7 77.Rg5 Kh6 78.Rf5 f3+
79.Kg3 Re1 80.Rf6+ Kg7 81.Rf5 Kg6 82.Rg5+ Kh6 83.Kf4 Rf1 84.Kf5 Rxf2 85.Rg6+ Kh7
86.Rg5 Kh6 87.Rg6+ Kh7 88.Rg5 Rg2 89.Rxh5+ Kg7 90.Rg5+ Kf7 91.Ke4 f2 92.Rf5+ Kg7
93.Ke3 g3 94.Ke2 Rg1 95.Rf4 Re1+  0-1

[Event "Victor Ciocaltea Mem"]
[Site "Bucharest ROU"]
[Date "2010.03.28"]
[Round "6"]
[White "Szabo,G ROM"]
[Black "Georgescu,T"]
[Result "1/2-1/2"]
[WhiteElo "2525"]
[BlackElo "2397"]

1.e4 c5 2.c3 Nf6 3.e5 Nd5 4.d4 cxd4 5.Nf3 e6 6.cxd4 d6 7.Bc4 Nc6 8.O-O Be7
9.Qe2 O-O 10.Nc3 Nxc3 11.bxc3 dxe5 12.dxe5 Qc7 13.Qe4 Bd7 14.Re1 Rfd8 15.Bd3 g6
16.Bg5 Bxg5 17.Nxg5 Qxe5 18.Qxe5  1/2-1/2

[Event "Doeberl Cup"]
[Site "Canberra AUS"]
[Date "2010.04.01"]
[Round "1"]
[White "Ly,Mo"]
[Black "Grigg,S"]
[Result "1-0"]
[WhiteElo "2315"]
[BlackElo "1979"]

1.e4 c5 2.c3 Nf6 3.e5 Nd5 4.d4 e6 5.Nf3 Nc6 6.Bc4 d6 7.O-O dxe5 8.dxe5 a6
9.Qe2 b5 10.Bb3 c4 11.Bc2 Qc7 12.Re1 g6 13.Nbd2 Bg7 14.Nf1 Bb7 15.Bd2 O-O
16.h4 h5 17.Bg5 Rac8 18.a3 a5 19.Ng3 b4 20.axb4 axb4 21.cxb4 Ndxb4 22.Be4 Nd3
23.Bxd3 cxd3 24.Qe3 Nxe5 25.Nxe5 Bxe5 26.Qxe5 Qxe5 27.Rxe5 f6 28.Rxe6 fxg5
29.Rxg6+ Kf7 30.Rb6 d2 31.Rxb7+ Kg8 32.Ne2 Rfe8 33.Kf1 Rc4 34.Rd7 Rxh4 35.Rxd2 Rh1+
36.Ng1 h4 37.Rd5  1-0

[Event "Victor Ciocaltea Mem"]
[Site "Bucharest ROU"]
[Date "2010.04.02"]
[Round "11"]
[White "Szabo,G ROM"]
[Black "Jianu,V"]
[Result "1/2-1/2"]
[WhiteElo "2525"]
[BlackElo "2516"]

1.e4 c5 2.c3 Nf6 3.e5 Nd5 4.d4 cxd4 5.Nf3 e6 6.cxd4 d6 7.Bc4 Nc6 8.O-O Be7
9.Qe2 O-O 10.Nc3 Nxc3 11.bxc3 dxe5 12.dxe5 Qa5 13.Bd2 Bd7 14.Rfe1  1/2-1/2